000 00382nam a22001577a 4500
005 20200528092508.0
008 200528b xxu||||| |||| 00| 0 eng d
041 _aeng
082 _a340
100 _aBARE ACT
_95744
245 _aTHE JUVENILE JUSTICS ACT, 2015 (2-2016)
260 _aDELHI
_bPROFESSIONALS BOOK PUBLISHERS
300 _a383;p
650 _aLAW
_95701
942 _cBK
999 _c6544
_d6542